Hướng dẫn lập -Đọc- Phân tích Báo cáo tài chính và Báo cáo kế tóan quản trị /
Báo cáo kế tóan biểu hiện kết quả của công tác kế tóan ở các đơn vị kế tóan, là nguồn thông tin cần thiết, quan trọng cho các quyết định kinh tế của nhiều đối tượng khác nhiều đối tượng khác nhau bên trong cũng như bên ngoài doanh nghiẹ...
Đã lưu trong:
| 主要作者: | |
|---|---|
| 其他作者: | , |
| 格式: | 圖書 |
| 語言: | Vietnamese |
| 出版: |
H. :
Nhà xuất bản Thống kê ,
2001
|
| 主題: | |
| 標簽: |
添加標簽
沒有標簽, 成為第一個標記此記錄!
|
| Thư viện lưu trữ: | Thư viện Trường CĐ Kỹ Thuật Cao Thắng |
|---|
| LEADER | 02507nam a2200325 a 4500 | ||
|---|---|---|---|
| 001 | TVCDKTCT11549 | ||
| 003 | Thư viện trường Cao đẳng Kỹ thuật Cao Thắng | ||
| 005 | 20090910000000 | ||
| 008 | 090910 | ||
| 980 | \ | \ | |a Thư viện Trường CĐ Kỹ Thuật Cao Thắng |
| 024 | |a RG_1 #1 eb0 i1 | ||
| 041 | 0 | # | |a vie |
| 082 | # | # | |a 657.4 / |b H561D-v |
| 100 | 1 | # | |a Võ Văn Nhị |
| 245 | 0 | 0 | |a Hướng dẫn lập -Đọc- Phân tích Báo cáo tài chính và Báo cáo kế tóan quản trị / |c Võ Văn Nhị, Lý Thị Bích Châu, Đòan Ngọc Quế |
| 260 | # | # | |a H. : |b Nhà xuất bản Thống kê , |c 2001 |
| 300 | # | # | |a 316tr. ; |c 24cm |
| 520 | # | # | |a Báo cáo kế tóan biểu hiện kết quả của công tác kế tóan ở các đơn vị kế tóan, là nguồn thông tin cần thiết, quan trọng cho các quyết định kinh tế của nhiều đối tượng khác nhiều đối tượng khác nhau bên trong cũng như bên ngoài doanh nghiệp. |
| 520 | # | # | |a Chất lượng thông tin do báo cáo kế tóan cung cấp luôn là mối quan tâm thường xuyên của bản thân nhà quản trị doanh nghiệp, của các cơ quan chức năng nhà nước và của các đối tượng khác có quyền lợi trực tiếp hợac gián tiếp của đến các hoạt động của doanh nghiệp. |
| 520 | # | # | |a Nội dung cuốn sách gồm |
| 520 | # | # | |a Chương 1: Tổng quan về hệ thống báo cáo kế toán. |
| 520 | # | # | |a Chương 2: Quan điểm, mục tiêu và các điều kiện cần thiết cho việc hoàn thiện hệ thống báo cáo kế tóan, các doanh nghiệp tại Việt nam theo cơ chế của nền kinh tế thị trường. |
| 520 | # | # | |a Chương 3: Bảng cân đối kế toán. |
| 520 | # | # | |a Chương 4: Báo cáo kết quả hoạt động kinh doanh. |
| 520 | # | # | |a Chương 5: Báo cáo lưu chuyển tiền tệ. |
| 520 | # | # | |a Chương 6: Vấn đề hòan thiện báo cáo tài chính cho mô hình tổng công ty và công ty cổ phần |
| 520 | # | # | |a Chương 7: Báo cáo kế tóan quản trị |
| 650 | # | 4 | |a Kế toán quản trị |
| 700 | 0 | # | |a Lý Thị Bích Châu |
| 700 | 0 | # | |a Đòan Ngọc Quế |